Les scènes de boxe en 20 clics - Statistiques

Statistiques générales
  • Ce quiz a été pris 102 fois
  • Le résultat moyen est 10 sur 20
Statistiques - réponses
Hint Réponse % Correct
Fight Club
78%
Rocky 1
72%
Creed 1 : L'Héritage de Rocky Balboa
68%
Real Steel
68%
Million Dollar Baby
66%
Creed 2
60%
Rocky 2 : La Revanche
55%
Ali
54%
La Rage au ventre (Southpaw)
52%
Raging Bull
52%
Creed 3 : La Relève de Rocky Balboa
51%
Rocky 3 : L'Œil du tigre
51%
Rocky 6 Balboa
51%
Rocky 4
45%
Fighter
43%
Scary Movie 4
42%
Rocky 5
32%
Hartley, cœurs à vif
31%
Hurricane Carter
29%
Snake Eyes
26%
Aucun quiz correspondant
Distribution des résultats
% des personnes avec chaque résultat
Percentile par nombre de réponses
Votre historique - résultats
Vous n’avez pas pris ce quiz